Szeged és a környező községek egyesülése
Elmentve itt :
| Szerző: | |
|---|---|
| Dokumentumtípus: | Cikk |
| Megjelent: |
1972-09-24
|
| Sorozat: | Délmagyarország
62 No. 226 |
| Kulcsszavak: | megyei tanács |
| Online Access: | http://dmarchiv.bibl.u-szeged.hu/96022 |
| LEADER | 00473nab a2200157 i 4500 | ||
|---|---|---|---|
| 001 | delm96022 | ||
| 005 | 20190319124632.0 | ||
| 008 | 190319s1972 hu o 0|| hun d | ||
| 040 | |a SZTE Délmagyarország Archívum |b hun | ||
| 041 | |a hun | ||
| 100 | 1 | |a Komócsin Mihály | |
| 245 | 1 | 0 | |a Szeged és a környező községek egyesülése |h [elektronikus dokumentum] / |c Komócsin Mihály |
| 260 | |c 1972-09-24 | ||
| 300 | |a 3 | ||
| 490 | 0 | |a Délmagyarország |v 62 No. 226 | |
| 695 | |a megyei tanács | ||